Практикум по аудиту: учебное пособие

Detalles Bibliográficos
Autor Principal: Андреев В. Д. Валерий Дмитриевич
Outros autores: Кисилевич Т. И. Татьяна Ивановна, Атаманюк И. В. Ирина Викторовна
Summary:Исключено из фонда НТБ ТПУ
Idioma:ruso
Publicado: Москва, Финансы и статистика, 2000
Formato: MixedMaterials Libro
KOHA link:https://koha.lib.tpu.ru/cgi-bin/koha/opac-detail.pl?biblionumber=26603

MARC

LEADER 00000nam0a2200000 4500
001 26603
005 20231030201707.0
010 |a 5279020699 
035 |a (RuTPU)RU\TPU\book\26847 
035 |a BOOK00026922 
090 |a 26603 
100 |a 20011209d2000 m y0rusy50 ca 
101 0 |a rus 
102 |a RU 
105 |a y j 001zy 
200 1 |a Практикум по аудиту  |e учебное пособие  |f В. Д. Андреев, Т. И. Кисилевич, И. В. Атаманюк 
210 |a Москва  |c Финансы и статистика  |d 2000 
215 |a 208 с. 
333 |a Исключено из фонда НТБ ТПУ 
700 1 |a Андреев  |b В. Д.  |g Валерий Дмитриевич 
701 1 |a Кисилевич  |b Т. И.  |g Татьяна Ивановна 
701 1 |a Атаманюк  |b И. В.  |g Ирина Викторовна 
801 0 |a RU  |b 63413507  |c 20011209  |g PSBO 
801 2 |a RU  |b 63413507  |c 20220607  |g PSBO 
942 |c BK